La educación para la realización plena de la persona

Gorde:
Xehetasun bibliografikoak
Egile nagusia: Márquez, Ángel Diego (autor)
Formatua: Liburua
Hizkuntza:gaztelania
Argitaratua: Buenos Aires IRICE 1986
Saila:Aportes para el Congreso Pedagógico Nacional, 6
Gaiak:
Etiketak: Etiketa erantsi
Etiketarik gabe, Izan zaitez lehena erregistro honi etiketa jartzen!

MARC

LEADER 00000nam a2200000 a 4500
001 UCY3662
003 CL-VaPUC
008 950111e19860000AG |||||||||||||||||spa|d
082 0 4 |a 306.43  |b MAR  |2 21 
100 |a Márquez, Ángel Diego  |e autor  |9 355572 
245 1 3 |a La educación para la realización plena de la persona 
300 |a 9 p 
942 |c BK 
945 |d 19950111 00:00:00  |a rbrito 
260 |a Buenos Aires  |b IRICE  |c 1986 
650 0 |a Sociología de la educación   |9 260380 
583 |a last modification  |c 19950111 00:00:00  |k Rodrigo Vera 
490 0 |a Aportes para el Congreso Pedagógico Nacional, 6 
999 |c 231741  |d 231739 
952 |0 0  |1 0  |4 0  |6 306_430000000000000_MAR_1986  |7 0  |8 P  |9 235359  |a BIBEDU  |b BIBEDU  |c BIBEDU_PB  |d 2019-11-15  |i 3037304  |o 306.43 MAR 1986  |p 3037304  |r 2024-01-25  |w 2019-11-15  |y BK  |k EDU